000 00380nam a2200133 a 4500
001 000027636
005 20200930030959.0
008 110404s1960 dr 000 0 spa d
040 _aDO-SdBNP
_bspa
_cBNPHU
245 0 0 _aRadio Caribe :
_bEditoriales /.
260 _aCiudad Trujillo, República Dominicana :
_bEditora Handicap,
_c1960.
300 _a379 P. ;
_c25 cm.
049 _aBNPD
999 _c27128
_d27128